Online Catalogue and eLibrary

Nationalism and self - determination: is there an alternative to violence? (Record no. 400)

MARC details
000 -LEADER
fixed length control field 00462nam a22001457a 4500
005 - DATE AND TIME OF LATEST TRANSACTION
control field 20240404005626.0
008 - FIXED-LENGTH DATA ELEMENTS--GENERAL INFORMATION
fixed length control field 240215b |||||||| |||| 00| 0 eng d
082 ## - DDC Classification
DDC Edition Number 22
Class No. 320.54.
Item Number - Author Mark MIC.
100 ## - MAIN ENTRY--PERSONAL NAME
Personal name Ignatieff, Michael.
245 ## - TITLE STATEMENT
Title Nationalism and self - determination: is there an alternative to violence?
Statement of responsibility, etc. Michael Ignatieff.
260 ## - PUBLICATION, DISTRIBUTION, ETC.
Place of publication, distribution, etc. Sri Lanka .,
Name of publisher, distributor, etc. International Centre for Ethnic Studies,
Date of publication, distribution, etc. 2000.
300 ## - PHYSICAL DESCRIPTION
Extent (e.g. Volumes, Pages etc.) 16, p.,
650 ## - SUBJECT ADDED ENTRY--TOPICAL TERM
Topical term or geographic name entry element Nationalism
942 ## - Koha item type (Biblio)
Koha item type Books in Stacks (Lending)
Holdings
Lost status Damaged status Collection code Home library Current library Date acquired Full call number Accession Number Item type
    Lending WERC Library WERC Library 02/15/2024 320.54. MIC. 4320 Books in Stacks (Lending)

© WERC Library